000
00288nam a2200109Ia 4500
008
200302s9999 xx 000 0 und d
100
_a
Geoffrey Broadbent
245
_a
Emerging Concepts in urban space design
260
_b
Taylor and francis group Publishd
260
_c
2005
300
_a
380
999
_c
6067
_d
6067